00362nam a2200145Ia 4500008004000000082001500040100001700055245003500072260004800107300001400155650001300169650001300182650001300195650000800208210210b1994 xxu||||| |||| 00| 0 eng d a820.5 VIVS aVIVEKANANDA. aSelected speeches and writings aN DbVikas Publishing House Pvt Ltd.,c1994 axxxii,293 awritings aspeeches aSelected aand